Dove Cameron quiz - Statistics

General Stats
  • This quiz has been taken 93 times
  • The average score is 8 of 11
Answer Stats
Hint Answer % Correct
Who did Dove Cameron play in Descendants? Mal
100%
How many descendents films are there currently? 3
97%
Who is Liv's sister? Maddie
95%
Finish the lyric: 'I eat boys like you for_' Breakfast
86%
Finish the lyric: 'I could be a better boyfriend than _' Him
85%
What is Mal's signature colour? Purple
83%
Who is Mal the daughter of? Maleficent
67%
Finish the lyric: 'Ladies first I _' Insist
53%
Finish the lyric: 'Hung on my _' Necklace
50%
What is Dove Cameron's birth name? Chloe Celeste Hosterman
44%
Finish the lyric: 'Could've said this day was _' Coming
38%
No matching quizzes found
Score Distribution
Percent of People with Each Score
Percentile by Number Answered
Your Score History
You have not taken this quiz